000 00750nam a2200229 4500
999 _c12969
_d12969
003 MIRAKIL
005 20190315174429.0
008 190315b tu ||||| |||| 00| 0 tur d
020 _a006017336X
040 _aTR-AnCHP
_cTR-AnCHP
041 _aeng
082 _a973.929
_bG55t 1995
100 _aGingrich, Newt.
245 1 0 _aTo renew America /
_cNewt Gingrich.
260 _a New York:
_bHarperCollins,
_c1995.
300 _axii, 260 s.:
_c24 sm.
504 _aDizin vardır.
650 0 _95108
_aAmerika Birleşik Devletleri (ABD)
_xSiyaset ve yönetim
_y20. yüzyıl
650 0 _95108
_aAmerika Birleşik Devletleri (ABD)
_xSosyal politikalar
650 0 _95108
_aAmerika Birleşik Devletleri (ABD)
_xEkonomi politikaları
942 _2ddc
_cBKS